| 000 | 00609nam a22001577a 4500 | ||
|---|---|---|---|
| 082 | _a200 | ||
| 100 | _aJamil, Mohsin | ||
| 245 |
_aAssessment of BIM'S Application on Construction Projects Life Cycle, Its Current State-of-Awareness & a Case-study / _cMohsin Jamil |
||
| 260 |
_aIslamabad : _bMCE - NUST, _c2015. |
||
| 300 |
_a84 p. ; _c30cm. |
||
| 650 |
_aMS-Construction Engineering and Management _9126573 |
||
| 700 |
_aSupervisor: Dr. Sarfraz Ahmed _9126593 |
||
| 856 | _uhttp://10.250.8.41:8080/xmlui/handle/123456789/11779 | ||
| 942 |
_2ddc _cSC |
||
| 999 |
_c536162 _d536162 |
||